000
00201 a2200097 4500
001
4376
100
_a
Reintjes,J.F
245
_a
Principles of radar
260
_a
_b
Mcgrawhill
_c
090
_c
3574
_d
3574
942
_a
NUST-CAE
_c
M
_c
28602
999
_c
239449
_d
239449